Tennis - Top 10 ATP - Statistiques

Statistiques générales
  • Ce quiz a été pris 1 470 fois
    320 depuis la dernière actualisation
  • Le résultat moyen est 9 sur 10
Statistiques - réponses
Classement Nationalité Joueurs % Correct
2 Espagne Carlos Alcaraz
100%
1 Italie Jannik Sinner
100%
4 Serbie Novak Djokovic
98%
3 Allemagne Alexander Zverev
97%
10 Russie Daniil Medvedev
90%
7 Italie Lorenzo Musetti
87%
9 Danemark Holger Rune
84%
6 États-Unis Taylor Fritz
83%
5 Royaume-Uni Jack Draper
78%
8 États-Unis Tommy Paul
66%
Aucun quiz correspondant
Distribution des résultats
% des personnes avec chaque résultat
Percentile par nombre de réponses
Votre historique - résultats
Vous n’avez pas pris ce quiz depuis la dernière actualisation